000 00588nam a22001697a 4500
020 _qHard Cover.
082 _a004
100 _aMuhammad Ali Hur
245 _aSemantic Based Detection of Application Layer Attacks Using Ontology
_cMuhammad Ali Hur.
260 _aIslamabad:
_bSEECS - NUST,
_c2009.
300 _a78 p. :
_bill. ;
_c30cm.
650 _aInformation Technology MS-Thesis.
_916355
700 _aDr. Hafiz Farooq Ahmad
_922886
856 _uhttp://10.250.8.41:8080/xmlui/handle/123456789/31852
942 _2ddc
_cTHE
999 _c533370
_d533370